| 000 | 01431nam a2200265 a 4500 | ||
|---|---|---|---|
| 008 | 060424s1995 ||||||||||||||||| || u | ||
| 020 | _a9280808818 | ||
| 050 | _aHC 79.D4 Arm | ||
| 100 | _aLo, Fu-chen | ||
| 245 | 1 | 0 |
_aArms reduction : economic implications in the post-Cold War era / _cedited by R. Lawrence Klein |
| 260 |
_aTokyo: _bUnited Nations University Press _c1995 |
||
| 300 | _avii, 384 p. : ill. | ||
| 350 | _a0.00 | ||
| 500 | _a"Based on the proceedings of the 1992 Tokyo Conference on 'Arms Reduction and Economic Development in the Post-Cold War Era' - the second in a series of UNU conferences on Future Global Change and Modelling"--Note to the reader. -Includes bibliographical references. | ||
| 650 | _aECONOMIC CONVERSION--CONGRESSES | ||
| 650 | 0 | _aECONOMICS | |
| 650 | _aARMED FORCES--APPROPRIATIONS AND EXPENDITURES--CONGRESSES | ||
| 650 | _aARMS CONTROL-- ECONOMIC ASPECTS--CONGRESSES | ||
| 650 | _aECONOMIC POLICY--POST WORLDWAR ERA | ||
| 650 | _aDISARMAMENT--ECONOMIC ASPECTS--CONGRESSES | ||
| 700 | _aMcKibbin, Warwick J., 1957- | ||
| 700 | _aKlein, Lawrence Robert | ||
| 995 |
_aMAIN LIBRARY OPEN ACCESS _D0.00 _e731402 _FCBU-MAIN LIBRARY (Kitwe) _H1 _I0.00 _jHC 79.D4 Arm _M1 _UAVAILABLE _y028672 _ZMain Library Open Access Collection |
||
| 995 |
_aMAIN LIBRARY OPEN ACCESS _D0.00 _e733549 _FCBU-MAIN LIBRARY (Kitwe) _H2 _I0.00 _jHC 79.D4 Arm _M2 _UAVAILABLE _y045316 _ZMain Library Open Access Collection |
||
| 999 |
_c84364 _d84364 |
||